[Event "HUN-chT2 Szechenyi 2324"]
[Site "Hungary"]
[Date "2024.05.12"]
[Round "9.9"]
[White "Molnar, Tibor"]
[Black "Ludvai, Zsolt"]
[Result "1/2-1/2"]
[WhiteElo "1699"]
[BlackElo "1801"]
[PlyCount "20"]
[EventDate "2023.10.08"]
[EventType "team-tourn"]
[EventRounds "9"]
[EventCountry "HUN"]
[SourceTitle "EXT 2025"]
[Source "ChessBase"]
[SourceDate "2024.10.14"]
[SourceVersion "1"]
[SourceVersionDate "2024.10.14"]
[SourceQuality "1"]
[WhiteTeam "Tapolca VSE II"]
[BlackTeam "Ajka ASSE"]
[WhiteTeamCountry "HUN"]
[BlackTeamCountry "HUN"]

1. e4 e6 2. d4 d5 3. exd5 exd5 4. Nf3 Nc6 5. Nc3 Bb4 6. Bb5 Bd7 7. Qd3 Nge7 8. 0-0 0-0 9. a3 Bxc3 10. Qxc3 a6 1/2-1/2

[Event "HUN-chT2 Szechenyi 2324"]
[Site "Hungary"]
[Date "2023.10.08"]
[Round "1.10"]
[White "Molnar, Tibor"]
[Black "Pechy, Zoltan Peter"]
[Result "1/2-1/2"]
[WhiteElo "1699"]
[BlackElo "1624"]
[PlyCount "51"]
[EventDate "2023.10.08"]
[EventType "team-tourn"]
[EventRounds "9"]
[EventCountry "HUN"]
[SourceTitle "EXT 2025"]
[Source "ChessBase"]
[SourceDate "2024.10.14"]
[SourceVersion "1"]
[SourceVersionDate "2024.10.14"]
[SourceQuality "1"]
[WhiteTeam "Tapolca VSE II"]
[BlackTeam "Haladas Szombathely III"]
[WhiteTeamCountry "HUN"]
[BlackTeamCountry "HUN"]

1. e4 c5 2. Nf3 e6 3. d4 cxd4 4. Nxd4 Nc6 5. Be2 Bb4+ 6. c3 Ba5 7. 0-0 Nge7 8. Be3 0-0 9. Nd2 f5 10. exf5 Nxd4 11. Bxd4 Nxf5 12. Nf3 Bc7 13. Qd2 b6 14. Rad1 d6 15. c4 Bb7 16. Bc3 Qe7 17. Rfe1 Rae8 18. Qg5 h6 19. Qxe7 Rxe7 20. Nd4 Nxd4 21. Rxd4 e5 22. Rd2 Rf4 23. Bb4 Rd4 24. Red1 a5 25. Ba3 Rxd2 26. Rxd2 1/2-1/2

[Event "HUN-chT2 Toth 1617"]
[Site "Hungary"]
[Date "2017.04.09"]
[Round "11.9"]
[White "Daroczi, Donat"]
[Black "Molnar, Tibor"]
[Result "1/2-1/2"]
[WhiteElo "1613"]
[BlackElo "1690"]
[PlyCount "57"]
[EventDate "2016.09.25"]
[EventType "team-tourn"]
[EventRounds "11"]
[EventCountry "HUN"]
[SourceTitle "EXT 2021"]
[Source "ChessBase"]
[SourceDate "2020.10.23"]
[SourceVersion "1"]
[SourceVersionDate "2020.10.23"]
[SourceQuality "1"]
[WhiteTeam "Szeged Meritum"]
[BlackTeam "Nadudvar"]
[WhiteTeamCountry "HUN"]
[BlackTeamCountry "HUN"]

1. e4 e6 2. d4 d5 3. Nc3 c6 4. Nf3 Bb4 5. Bd3 Ne7 6. e5 h6 7. Bd2 Nd7 8. 0-0 a6 9. Nb5 axb5 10. Bxb4 Nb6 11. b3 0-0 12. Nh4 Re8 13. Qg4 Nd7 14. f4 Nf8 15. Rf3 Qb6 16. Bc5 Qc7 17. Rg3 g6 18. Bd6 Qd7 19. Nf3 Nf5 20. Bxf5 exf5 21. Qh4 Kg7 22. Qf6+ Kg8 23. Qh4 Kg7 24. Rh3 h5 25. Rg3 Kh6 26. Qg5+ Kh7 27. Qf6 Ne6 28. Qh4 b6 29. Ng5+ 1/2-1/2

[Event "HUN-chT2 Barcza 1516"]
[Site "Hungary"]
[Date "2016.04.17"]
[Round "11.9"]
[White "Csatlos, Bela Sr"]
[Black "Molnar, Tibor"]
[Result "1/2-1/2"]
[WhiteElo "1743"]
[BlackElo "1698"]
[PlyCount "33"]
[EventDate "2015.09.13"]
[EventType "team-tourn"]
[EventRounds "11"]
[EventCountry "HUN"]
[SourceTitle "EXT 2017"]
[Source "ChessBase"]
[SourceDate "2016.10.25"]
[SourceVersion "1"]
[SourceVersionDate "2016.10.25"]
[SourceQuality "1"]
[WhiteTeam "Kazincbarcika"]
[BlackTeam "Nadudvar"]
[WhiteTeamCountry "HUN"]
[BlackTeamCountry "HUN"]

1. e4 e6 2. d4 d5 3. exd5 exd5 4. Nf3 Nf6 5. Nc3 Bb4 6. a3 Bxc3+ 7. bxc3 Bg4 8. Be2 0-0 9. 0-0 Qd6 10. a4 Re8 11. Ba3 Qf4 12. Qd3 c6 13. Bc1 Qd6 14. Ba3 Qf4 15. Bc1 Qd6 16. Ba3 Qf4 17. Bc1 1/2-1/2

[Event "HUN-chT2 Barcza 1516"]
[Site "Hungary"]
[Date "2016.04.03"]
[Round "10.10"]
[White "Daroczy, Sandor"]
[Black "Molnar, Tibor"]
[Result "1-0"]
[WhiteElo "1849"]
[BlackElo "1698"]
[PlyCount "105"]
[EventDate "2015.09.13"]
[EventType "team-tourn"]
[EventRounds "11"]
[EventCountry "HUN"]
[SourceTitle "EXT 2017"]
[Source "ChessBase"]
[SourceDate "2016.10.25"]
[SourceVersion "1"]
[SourceVersionDate "2016.10.25"]
[SourceQuality "1"]
[WhiteTeam "Hajduszoboszlo"]
[BlackTeam "Nadudvar"]
[WhiteTeamCountry "HUN"]
[BlackTeamCountry "HUN"]

1. e4 e6 2. d3 d5 3. Nd2 Bc5 4. g3 Bd7 5. Bg2 Bc6 6. Ngf3 Nd7 7. 0-0 Ne7 8. Re1 0-0 9. d4 Bb6 10. e5 Ng6 11. h4 h6 12. Nf1 a5 13. N1h2 Bb5 14. Ng4 c5 15. c3 Re8 16. Bxh6 f5 17. exf6 Nxf6 18. Bg5 cxd4 19. cxd4 a4 20. h5 Nf8 21. h6 N8h7 22. hxg7 Rc8 23. Nxf6+ Nxf6 24. Ne5 Kxg7 25. Ng4 Rf8 26. Rxe6 Rc6 27. Rxc6 Bxc6 28. Nxf6 Rxf6 29. Bxf6+ Qxf6 30. Qg4+ Kf7 31. Rd1 Ba5 32. Qf3 Bd8 33. Qxf6+ Bxf6 34. f4 Ke6 35. g4 Kd6 36. Kf2 Bb5 37. Ke3 Bc4 38. a3 Bd8 39. Rh1 b5 40. Bf1 Ba5 41. g5 b4 42. g6 Ke7 43. Bxc4 dxc4 44. Rc1 c3 45. bxc3 b3 46. Kd3 Bc7 47. g7 Kf7 48. Rg1 Kg8 49. f5 Bd8 50. c4 Bf6 51. c5 b2 52. Rb1 Kxg7 53. Rxb2 1-0

[Event "HUN-chT2 Barcza 1516"]
[Site "Hungary"]
[Date "2016.02.28"]
[Round "8.10"]
[White "Pap, Kristof"]
[Black "Molnar, Tibor"]
[Result "1/2-1/2"]
[WhiteElo "1747"]
[BlackElo "1744"]
[PlyCount "51"]
[EventDate "2015.09.13"]
[EventType "team-tourn"]
[EventRounds "11"]
[EventCountry "HUN"]
[SourceTitle "EXT 2017"]
[Source "ChessBase"]
[SourceDate "2016.10.25"]
[SourceVersion "1"]
[SourceVersionDate "2016.10.25"]
[SourceQuality "1"]
[WhiteTeam "Mezokovesd"]
[BlackTeam "Nadudvar"]
[WhiteTeamCountry "HUN"]
[BlackTeamCountry "HUN"]

1. c4 Nf6 2. Nf3 c5 3. g3 Nc6 4. Bg2 g6 5. d3 Bg7 6. 0-0 0-0 7. e4 d6 8. Nc3 Bg4 9. h3 Bd7 10. Be3 e5 11. a3 a6 12. Rb1 Rb8 13. b4 b6 14. Qd2 Qc8 15. Kh2 Re8 16. Rb2 Nd4 17. Bxd4 cxd4 18. Nd5 Nxd5 19. cxd5 Qb7 20. Rc1 Rbc8 21. Rbc2 Rxc2 22. Rxc2 Ba4 23. Rc4 Bb5 24. Rc2 Ba4 25. Rc4 Bb5 26. Rc2 1/2-1/2

[Event "HUN-chT2 Barcza 1516"]
[Site "Hungary"]
[Date "2016.02.14"]
[Round "7.9"]
[White "Galko, Attila"]
[Black "Molnar, Tibor"]
[Result "1-0"]
[WhiteElo "1886"]
[BlackElo "1728"]
[PlyCount "103"]
[EventDate "2015.09.13"]
[EventType "team-tourn"]
[EventRounds "11"]
[EventCountry "HUN"]
[SourceTitle "EXT 2017"]
[Source "ChessBase"]
[SourceDate "2016.10.25"]
[SourceVersion "1"]
[SourceVersionDate "2016.10.25"]
[SourceQuality "1"]
[WhiteTeam "Edeleny"]
[BlackTeam "Nadudvar"]
[WhiteTeamCountry "HUN"]
[BlackTeamCountry "HUN"]

1. e4 e6 2. d4 d5 3. Nd2 c5 4. c3 Qb6 5. exd5 exd5 6. Ndf3 Nf6 7. Qe2+ Be7 8. Qb5+ Bd7 9. Qxb6 axb6 10. Bd3 c4 11. Bc2 b5 12. a3 Nc6 13. Rb1 Na5 14. Bf4 Nc6 15. Ne2 0-0 16. Ng3 g6 17. 0-0 Rfe8 18. Rfe1 Bf8 19. Kf1 Ng4 20. h3 Nh6 21. Rxe8 Rxe8 22. Re1 Rxe1+ 23. Kxe1 f6 24. Ne2 Bf5 25. Bxh6 Bxc2 26. Bxf8 Kxf8 27. Nf4 Ne7 28. Ne6+ Kg8 29. Nc5 Kf7 30. Nxb7 Ke6 31. Ng1 g5 32. Ne2 h5 33. Kd2 Bd3 34. Nc5+ Kd6 35. Nxd3 cxd3 36. Kxd3 Nc8 37. Kc2 Kc6 38. Ng3 h4 39. Nf5 Kb6 40. Kb3 Ka5 41. f3 Kb6 42. Kb4 Kc6 43. Ka5 Nb6 44. Ne7+ Kb7 45. b3 Kc7 46. Kxb5 Nd7 47. Nxd5+ Kd6 48. Nb6 Nf8 49. a4 Ne6 50. a5 f5 51. a6 Nc7+ 52. Ka5 1-0

[Event "HUN-chT2 Barcza 1516"]
[Site "Hungary"]
[Date "2015.09.13"]
[Round "1.10"]
[White "Botragyi, Tibor"]
[Black "Molnar, Tibor"]
[Result "1-0"]
[WhiteElo "2020"]
[BlackElo "1736"]
[PlyCount "77"]
[EventDate "2015.09.13"]
[EventType "team-tourn"]
[EventRounds "11"]
[EventCountry "HUN"]
[SourceTitle "CBM 170 Extra"]
[Source "ChessBase"]
[SourceDate "2016.02.25"]
[SourceVersion "1"]
[SourceVersionDate "2016.02.25"]
[SourceQuality "1"]
[WhiteTeam "Debrecen Sakkbaratok"]
[BlackTeam "Nadudvar"]
[WhiteTeamCountry "HUN"]
[BlackTeamCountry "HUN"]

1. e4 e6 2. d4 d5 3. Nd2 Ne7 4. Ngf3 Nd7 5. Bd3 Ng6 6. Nb3 c6 7. h4 Bd6 8. e5 Bb4+ 9. c3 Ba5 10. h5 Ne7 11. Bg5 Bb6 12. Nfd2 c5 13. dxc5 Nxc5 14. Nxc5 Bxc5 15. Qg4 Qc7 16. 0-0-0 Nc6 17. f4 a5 18. Bh4 Bf8 19. h6 g6 20. Bf6 Rg8 21. Kb1 a4 22. Qe2 Bd7 23. Nf3 Qb6 24. Ng5 Be7 25. Nxh7 Na5 26. Bxe7 Kxe7 27. Qc2 Rac8 28. Nf6 Rh8 29. Nxd7 Kxd7 30. Qxa4+ Ke7 31. Qb4+ Qxb4 32. cxb4 Nc4 33. a3 Ne3 34. Rd2 Rh7 35. g3 Rch8 36. Rdh2 Ng4 37. Rc2 Kd8 38. Rhc1 Rxh6 39. Rc8+ 1-0

[Event "HUN-chT2 Barcza 1314"]
[Site "Hungary"]
[Date "2014.04.13"]
[Round "10"]
[White "Tordai, Akos"]
[Black "Molnar, Tibor"]
[Result "1-0"]
[WhiteElo "1709"]
[BlackElo "1764"]
[PlyCount "105"]
[EventDate "2013.09.08"]
[EventType "team-tourn"]
[EventRounds "11"]
[EventCountry "HUN"]
[SourceTitle "EXT 2016"]
[Source "ChessBase"]
[SourceDate "2015.10.08"]
[SourceVersion "1"]
[SourceVersionDate "2015.10.08"]
[SourceQuality "1"]
[WhiteTeam "Nyiregyhaza"]
[BlackTeam "Nadudvar"]
[WhiteTeamCountry "HUN"]
[BlackTeamCountry "HUN"]

1. e4 e6 2. d4 d5 3. Nd2 c5 4. exd5 Qxd5 5. Ngf3 cxd4 6. Bc4 Qc5 7. Qe2 Nc6 8. Nb3 Qb6 9. 0-0 Nge7 10. Bf4 Ng6 11. Bg3 Be7 12. Rad1 0-0 13. Bb5 Bf6 14. Bd6 Rd8 15. Bc5 Qc7 16. Nfxd4 Nce5 17. f4 Nc6 18. Bxc6 bxc6 19. Qe4 Bb7 20. c3 a5 21. Nd2 Rd5 22. Ba3 Rad8 23. N4f3 Nxf4 24. Qc2 Ne2+ 25. Kh1 Rh5 26. Ne4 Ng3+ 27. Nxg3 Qxg3 28. Qe4 Qc7 29. Qg4 Rhd5 30. Nd4 Rg5 31. Qe2 Be5 32. Nf3 Rf5 33. Rxd8+ Qxd8 34. Nxe5 Qf6 35. Rxf5 Qxf5 36. Qd3 Qg5 37. b3 c5 38. Nf3 Qd5 39. Qxd5 Bxd5 40. Bxc5 a4 41. Nd2 h5 42. c4 Bc6 43. b4 f5 44. b5 Bb7 45. Nb1 g5 46. Nc3 Kf7 47. Bd4 g4 48. Kg1 Ke7 49. Be5 Kd7 50. Nxa4 Be4 51. Nc5+ Kc8 52. Nxe4 fxe4 53. Kf2 1-0

[Event "HUN-chT2 Barcza 1314"]
[Site "Hungary"]
[Date "2013.11.03"]
[Round "4"]
[White "Kadlecsik, Krisztina"]
[Black "Molnar, Tibor"]
[Result "1/2-1/2"]
[WhiteElo "1486"]
[BlackElo "1764"]
[PlyCount "50"]
[EventDate "2013.09.08"]
[EventType "team-tourn"]
[EventRounds "11"]
[EventCountry "HUN"]
[SourceTitle "EXT 2016"]
[Source "ChessBase"]
[SourceDate "2015.10.08"]
[SourceVersion "1"]
[SourceVersionDate "2015.10.08"]
[SourceQuality "1"]
[WhiteTeam "Sajobabony"]
[BlackTeam "Nadudvar"]
[WhiteTeamCountry "HUN"]
[BlackTeamCountry "HUN"]

1. e4 e6 2. d4 d5 3. Nc3 Bb4 4. e5 Ne7 5. Bd2 c5 6. a3 Bxc3 7. Bxc3 cxd4 8. Qxd4 Nbc6 9. Qa4 Qb6 10. Nf3 Bd7 11. Qg4 Ng6 12. Bd3 a5 13. 0-0 Rc8 14. Rab1 Nce7 15. Nd4 Qc5 16. Nb3 Qa7 17. Nxa5 Rxc3 18. bxc3 Qxa5 19. Rxb7 Qxc3 20. Bxg6 hxg6 21. Qb4 Qxe5 22. g3 Nc6 23. Re1 Qf6 24. Qd6 Qe7 25. Qxe7+ Kxe7 1/2-1/2

[Event "Budapest FS10 FM-A2"]
[Site "Budapest"]
[Date "2012.10.09"]
[Round "3"]
[White "Simkin, Alexander"]
[Black "Molnar, Tibor"]
[Result "1/2-1/2"]
[WhiteElo "1871"]
[BlackElo "2002"]
[PlyCount "75"]
[EventDate "2012.10.06"]
[EventType "tourn"]
[EventRounds "9"]
[EventCountry "HUN"]
[SourceTitle "EXT 2013"]
[Source "ChessBase"]
[SourceDate "2012.11.22"]
[SourceVersion "1"]
[SourceVersionDate "2012.11.22"]
[SourceQuality "1"]

1. e4 e5 2. Nf3 Nc6 3. Bb5 a6 4. Ba4 b5 5. Bb3 Bc5 6. c3 Nf6 7. d3 d6 8. 0-0 0-0 9. h3 Bb6 10. Re1 Be6 11. Bc2 h6 12. a4 b4 13. d4 exd4 14. cxd4 b3 15. Bxb3 Bxb3 16. Qxb3 Nxd4 17. Nxd4 Bxd4 18. Qd3 Bc5 19. Bd2 Nd7 20. Bc3 Qg5 21. Nd2 Ne5 22. Qe2 Rfb8 23. Nf3 Nxf3+ 24. Qxf3 Bb4 25. e5 Ra7 26. exd6 cxd6 27. Rad1 Bxc3 28. Qxc3 Qc5 29. Qd3 Rab7 30. Qxd6 Qa5 31. Qc6 Rxb2 32. Re8+ Kh7 33. Qe4+ f5 34. Qe6 Rxe8 35. Qxe8 Qc5 36. Qe1 Qc2 37. Ra1 a5 38. Qe3 1/2-1/2

[Event "Budapest FS10 FM-A2"]
[Site "Budapest"]
[Date "2012.10.06"]
[Round "1"]
[White "Koczo, Kristof"]
[Black "Molnar, Tibor"]
[Result "1-0"]
[WhiteElo "2221"]
[BlackElo "2002"]
[PlyCount "65"]
[EventDate "2012.10.06"]
[EventType "tourn"]
[EventRounds "9"]
[EventCountry "HUN"]
[SourceTitle "EXT 2013"]
[Source "ChessBase"]
[SourceDate "2012.11.22"]
[SourceVersion "1"]
[SourceVersionDate "2012.11.22"]
[SourceQuality "1"]

1. d4 e6 2. c4 f5 3. g3 Nf6 4. Bg2 Bb4+ 5. Bd2 Qe7 6. Nc3 c5 7. a3 Bxc3 8. Bxc3 cxd4 9. Qxd4 Nc6 10. Bxc6 bxc6 11. Bb4 e5 12. Bxe7 exd4 13. Bxf6 gxf6 14. c5 Rb8 15. 0-0-0 d5 16. Rxd4 Ke7 17. Nh3 Ba6 18. Ra4 Bc4 19. Rxa7+ Kf8 20. Nf4 Re8 21. e3 Re7 22. Ra8+ Re8 23. Ne6+ Ke7 24. Rxe8+ Rxe8 25. Ng7 Rb8 26. Nxf5+ Kd7 27. b4 Bb5 28. Kb2 Ba4 29. Nd4 h5 30. h4 Rg8 31. Re1 Rg4 32. Ne2 Bb5 33. Nf4 1-0

[Event "HUN-chT2 Breyer 1112"]
[Site "Hungary"]
[Date "2011.10.30"]
[Round "2.10"]
[White "Molnar, Tibor"]
[Black "Krapfel, Janos"]
[Result "1-0"]
[WhiteElo "1953"]
[BlackElo "1653"]
[PlyCount "57"]
[EventDate "2011.09.25"]
[EventType "team-tourn"]
[EventRounds "11"]
[EventCountry "HUN"]
[SourceTitle "EXT 2013"]
[Source "ChessBase"]
[SourceDate "2012.11.22"]
[SourceVersion "1"]
[SourceVersionDate "2012.11.22"]
[SourceQuality "1"]
[WhiteTeam "BEAC II"]
[BlackTeam "Torokbalint"]
[WhiteTeamCountry "HUN"]
[BlackTeamCountry "HUN"]

1. e4 e5 2. Nc3 Nc6 3. f4 exf4 4. Nf3 d6 5. Bc4 Ne5 6. Be2 Nxf3+ 7. Bxf3 Qh4+ 8. Kf1 c6 9. d4 g5 10. h3 Nf6 11. Kg1 Bd7 12. Bd2 Qh6 13. Qe2 0-0-0 14. b4 Qg6 15. b5 Re8 16. Rb1 d5 17. e5 Kc7 18. bxc6 Bxc6 19. Kh2 h5 20. Rxb7+ Kxb7 21. Rb1+ Ka8 22. Qa6 Ng4+ 23. Kg1 Nxe5 24. dxe5 Bc5+ 25. Kh1 Rxe5 26. Rb3 g4 27. Nxd5 Bxd5 28. Bxd5+ Rxd5 29. Qb7# 1-0

[Event "HUN-chT2 Toth 1011"]
[Site "Hungary"]
[Date "2010.11.21"]
[Round "6.4"]
[White "Molnar, Tibor"]
[Black "Abel, Imre"]
[Result "0-1"]
[WhiteElo "1926"]
[BlackElo "2066"]
[PlyCount "118"]
[EventDate "2010.09.12"]
[EventType "team-tourn"]
[EventRounds "11"]
[EventCountry "HUN"]
[SourceTitle "EXT 2012"]
[Source "ChessBase"]
[SourceDate "2011.11.24"]
[SourceVersion "1"]
[SourceVersionDate "2011.11.24"]
[SourceQuality "1"]
[WhiteTeam "Nadudvar"]
[BlackTeam "Abony"]
[WhiteTeamCountry "HUN"]
[BlackTeamCountry "HUN"]

1. d4 d5 2. Nf3 e6 3. Bf4 c6 4. c3 f5 5. e3 Nf6 6. Ne5 Bd6 7. Nd2 0-0 8. Be2 b6 9. 0-0 Bb7 10. Rc1 Qe7 11. c4 c5 12. Bf3 Nbd7 13. Nd3 Ne4 14. Bxd6 Qxd6 15. dxc5 bxc5 16. Qc2 Rac8 17. Rfd1 Ndf6 18. h3 Nxd2 19. Rxd2 Ne4 20. Rdd1 Ng5 21. Be2 d4 22. exd4 cxd4 23. Qd2 f4 24. Bg4 Rce8 25. Qa5 Qc6 26. f3 h6 27. Re1 Nh7 28. Nc5 Bc8 29. Qxa7 Nf6 30. Re5 Rf7 31. Qa5 g6 32. Rce1 Rfe7 33. h4 Nxg4 34. fxg4 f3 35. g3 f2+ 36. Kxf2 Rf7+ 37. Ke2 Qg2+ 38. Kd1 Qxb2 39. R5e2 Qb8 40. Qa4 Rfe7 41. Qc2 d3 42. Nxd3 e5 43. Nxe5 Qd6+ 44. Rd2 Bxg4+ 45. Kc1 Qa3+ 46. Qb2 Qxg3 47. Rf1 Rxe5 48. Qd4 Qa3+ 49. Qb2 Re1+ 50. Rd1 Qxb2+ 51. Kxb2 Rxd1 52. Rf6 Re2+ 53. Kb3 Rd3+ 54. Kb4 Kg7 55. Ra6 Rb2+ 56. Kc5 Rd7 57. Kc6 Rf2 58. Kc5 Rc7+ 59. Kb5 Be2 0-1

[Event "HUN-chT2 Toth 0910"]
[Site "Hungary"]
[Date "2010.02.14"]
[Round "6.6"]
[White "Mike, Peter"]
[Black "Molnar, Tibor"]
[Result "1-0"]
[WhiteElo "1998"]
[BlackElo "1908"]
[PlyCount "97"]
[EventDate "2009.11.08"]
[EventType "team-tourn"]
[EventRounds "11"]
[EventCountry "HUN"]
[SourceTitle "EXT 2011"]
[Source "ChessBase"]
[SourceDate "2010.11.26"]
[SourceVersion "1"]
[SourceVersionDate "2010.11.26"]
[SourceQuality "1"]
[WhiteTeam "Maroczy II"]
[BlackTeam "Nadudvar"]
[WhiteTeamCountry "HUN"]
[BlackTeamCountry "HUN"]

1. e4 c5 2. b3 d6 3. Bb2 Nc6 4. Nc3 Nf6 5. h3 g6 6. Bd3 Bg7 7. Nge2 a6 8. a4 e5 9. 0-0 0-0 10. f4 Qb6 11. Kh1 Nd4 12. g4 Qd8 13. Qe1 Ne8 14. f5 Qg5 15. Nd5 Bh6 16. Nxd4 cxd4 17. Qg3 Bg7 18. h4 Qd8 19. g5 Bd7 20. f6 Nxf6 21. Nxf6+ Kh8 22. Nxd7 Qxd7 23. Bc4 Rae8 24. d3 b5 25. axb5 axb5 26. Bd5 Qc7 27. Rf2 f6 28. Raf1 Qe7 29. Bc1 f5 30. exf5 gxf5 31. Rxf5 e4 32. dxe4 Rxf5 33. Rxf5 Qc7 34. Qf2 Qc3 35. Rf3 Qa1 36. Qf1 Qa5 37. Rf7 Qd8 38. Bb2 Be5 39. Qf5 Bg7 40. Rxg7 Kxg7 41. Qf7+ Kh8 42. Bxd4+ Re5 43. h5 h6 44. Bxe5+ dxe5 45. Qf6+ Qxf6 46. gxf6 b4 47. Kg2 Kh7 48. Kf3 Kh8 49. Kg4 1-0

[Event "HUN-chT2 Toth 0910"]
[Site "Hungary"]
[Date "2009.11.22"]
[Round "2.6"]
[White "Molnar, Tibor"]
[Black "Diamant, Tibor"]
[Result "0-1"]
[WhiteElo "1908"]
[BlackElo "2149"]
[PlyCount "126"]
[EventDate "2009.11.08"]
[EventType "team-tourn"]
[EventRounds "11"]
[EventCountry "HUN"]
[SourceTitle "EXT 2011"]
[Source "ChessBase"]
[SourceDate "2010.11.26"]
[SourceVersion "1"]
[SourceVersionDate "2010.11.26"]
[SourceQuality "1"]
[WhiteTeam "Nadudvar"]
[BlackTeam "Mako II"]
[WhiteTeamCountry "HUN"]
[BlackTeamCountry "HUN"]

1. d4 Nf6 2. Nf3 e6 3. Bf4 b6 4. Nbd2 Bb7 5. c4 Be7 6. Qc2 d6 7. e4 c5 8. d5 e5 9. Bg5 Nxd5 10. cxd5 Bxg5 11. Bb5+ Nd7 12. Qa4 Bxd2+ 13. Nxd2 a6 14. Be2 b5 15. Qb3 0-0 16. 0-0 Nb6 17. Qh3 Qe7 18. Bg4 Bc8 19. Nf3 Bxg4 20. Qxg4 h6 21. Rad1 Qd7 22. Qh5 f5 23. Rfe1 fxe4 24. Rxe4 Rf5 25. Qg6 Rf6 26. Qg3 Raf8 27. Rg4 Rf4 28. Rg6 R8f6 29. b3 Qf7 30. Rg4 Rxg4 31. Qxg4 Rf4 32. Qe6 Rf6 33. Qxf7+ Kxf7 34. Ne1 Rf4 35. Nc2 c4 36. Kf1 Ke7 37. Ke2 a5 38. f3 Rf8 39. Ne3 cxb3 40. axb3 g6 41. Rc1 Rc8 42. Kd2 Rxc1 43. Kxc1 h5 44. h4 Kf6 45. Kd2 Nc8 46. Kd3 g5 47. hxg5+ Kxg5 48. g3 Ne7 49. Ke4 a4 50. bxa4 bxa4 51. f4+ exf4 52. gxf4+ Kf6 53. Nc4 Nf5 54. Na3 h4 55. Nc4 Kg6 56. Na3 h3 57. Kf3 Kh5 58. Nc4 Kh4 59. Kf2 Kg4 60. Kg1 Kg3 61. Kh1 h2 62. Nxd6 Nxd6 63. f5 Ne4 0-1

[Event "HUN-chT2 Toth 0910"]
[Site "Hungary"]
[Date "2009.11.08"]
[Round "1.7"]
[White "Molnar, Tibor"]
[Black "Lantos, Istvan"]
[Result "1/2-1/2"]
[WhiteElo "1908"]
[BlackElo "1892"]
[PlyCount "115"]
[EventDate "2009.11.08"]
[EventType "team-tourn"]
[EventRounds "11"]
[EventCountry "HUN"]
[SourceTitle "EXT 2011"]
[Source "ChessBase"]
[SourceDate "2010.11.26"]
[SourceVersion "1"]
[SourceVersionDate "2010.11.26"]
[SourceQuality "1"]
[WhiteTeam "Nadudvar"]
[BlackTeam "Szentes Spartacus"]
[WhiteTeamCountry "HUN"]
[BlackTeamCountry "HUN"]

1. d4 Nf6 2. Nf3 d5 3. Bf4 g6 4. Nbd2 Bg7 5. h3 0-0 6. e3 b6 7. c3 Nh5 8. Be5 Nd7 9. Bxg7 Nxg7 10. Bd3 c5 11. Rc1 f5 12. 0-0 c4 13. Bb1 Rb8 14. b4 Nh5 15. Ng5 Ndf6 16. f4 h6 17. Ngf3 Ng3 18. Re1 Nfe4 19. Ne5 Qd6 20. Ndf3 a5 21. a3 axb4 22. axb4 Ra8 23. Qc2 Ra3 24. Qb2 Rb3 25. Qa1 Bb7 26. Qa7 Bc8 27. Qa1 Kg7 28. Rc2 Bb7 29. Qa7 Qc7 30. Qa1 Ra8 31. Ra2 Rxa2 32. Qxa2 Nxc3 33. Qc2 Nxb1 34. Rxb1 Rxe3 35. Re1 Rxe1+ 36. Nxe1 Nh5 37. Qc1 Bc6 38. N1f3 Be8 39. Kf2 c3 40. g4 fxg4 41. hxg4 Nf6 42. Ke3 Ne4 43. Ne1 Qa7 44. Qb1 Qa3 45. N1d3 Ba4 46. Nf3 c2 47. Qc1 Qc3 48. f5 Bb5 49. Nfe5 Bxd3 50. Nxd3 Nf2 51. Kxf2 Qxd3 52. fxg6 Qd1 53. Qf4 Kxg6 54. Qf5+ Kg7 55. Qe5+ Kf8 56. Qf5+ Ke8 57. Qc8+ Kf7 58. Qf5+ 1/2-1/2

[Event "HUN-chT2 Toth 0809"]
[Site "Hungary"]
[Date "2009.01.11"]
[Round "5.6"]
[White "Molnar, Tibor"]
[Black "Olah, Janos"]
[Result "0-1"]
[WhiteElo "1911"]
[BlackElo "1984"]
[PlyCount "80"]
[EventDate "2008.10.26"]
[EventType "tourn"]
[EventRounds "11"]
[EventCountry "HUN"]
[SourceTitle "EXT 2010"]
[Source "ChessBase"]
[SourceDate "2010.11.25"]
[SourceVersion "1"]
[SourceVersionDate "2010.11.25"]
[SourceQuality "1"]
[WhiteTeam "Nadudvar"]
[BlackTeam "Maroczy II"]
[WhiteTeamCountry "HUN"]
[BlackTeamCountry "HUN"]

1. d4 d5 2. Nf3 e6 3. Bf4 Nf6 4. Nbd2 Be7 5. e3 0-0 6. Bd3 c5 7. c3 Nc6 8. 0-0 Nh5 9. Be5 f5 10. Rc1 Nf6 11. h3 Nxe5 12. Nxe5 Bd7 13. Ndf3 Qa5 14. Ra1 Rab8 15. Qe2 b5 16. dxc5 Qc7 17. b4 Be8 18. Rfc1 Ne4 19. c6 Bf6 20. Nd7 Bxd7 21. cxd7 Qxd7 22. Nd4 a6 23. a4 Rfc8 24. Bxe4 fxe4 25. axb5 axb5 26. Ra5 Bxd4 27. exd4 Rc4 28. Qa2 Qc6 29. Qd2 Rc8 30. Raa1 Rxc3 31. Rd1 Qc4 32. Qg5 Qxb4 33. Ra7 Qf8 34. Rb1 h6 35. Qg4 Rc1+ 36. Rxc1 Rxc1+ 37. Kh2 Qb8+ 38. g3 Qxa7 39. Qxe6+ Qf7 40. Qxf7+ Kxf7 0-1